[Event "ch-BLR"]
[Site "?"]
[Date "2005.03.12"]
[Round "9"]
[White "Maiorov Nikita"]
[Black "Azarov Sergei"]
[Result "0-1"]
[WhiteElo "2457"]
[BlackElo "2565"]
[PlyCount "64"]
[EventDate "2005.??.??"]
[Source "www.chesslib.no"]
[SourceDate "2004.05.04"]

1. d4 Nf6 2. c4 e6 3. Nc3 Bb4 4. Qc2 Nc6 5. Nf3 d6 6. Bd2 O-O 7. a3 Bxc3 8. Bxc3 Qe7 9. e3 e5 10. d5 Nb8 11. Nd2 Ne8 12. Be2 Qg5 13. g3 Qe7 14. O-O-O a5 15. b3 Nd7 16. Rhe1 Nc5 17. f4 Bd7 18. Kb2 Nf6 19. Nf3 Ng4 20. Bf1 f6 21. h3 Nh6 22. g4 Nf7 23. f5 Rfb8 24. a4 c6 25. e4 Be8 26. Ra1 b5 27. axb5 cxb5 28. cxb5 Bxb5 29. Bxb5 Rxb5 30. Nd2 Ng5 31. Re3 Qa7 32. Rg3 Ngxe4 0-1

[Event "HB Global Chess Challenge"]
[Site "?"]
[Date "2005.05.22"]
[Round "8.30"]
[White "Ippolito Dean"]
[Black "Perelshteyn Eugene"]
[Result "0-1"]
[WhiteElo "2443"]
[BlackElo "2579"]
[PlyCount "103"]
[EventDate "2005.??.??"]
[Source "www.chesslib.no"]
[SourceDate "2004.05.04"]

1. d4 Nf6 2. c4 e6 3. Nc3 Bb4 4. Qc2 Nc6 5. Nf3 d6 6. Bg5 h6 7. Bd2 Qe7 8. a3 Bxc3 9. Bxc3 a5 10. e3 e5 11. dxe5 dxe5 12. h3 a4 13. Be2 Nd7 14. O-O O-O 15. Nd2 f5 16. Rfe1 Nc5 17. f4 exf4 18. exf4 Qe3+ 19. Kh1 Qxf4 20. Bf3 Nd4 21. Re7 Qd6 22. Bd5+ Nce6 23. Nf3 Qxe7 24. Nxd4 g6 25. Bxe6+ Bxe6 26. Bb4 Qf6 27. Nxe6 Qxe6 28. Bxf8 Rxf8 29. Qxa4 f4 30. Rf1 Qe2 31. Kg1 f3 32. Rxf3 Qe1+ 33. Kh2 Rxf3 34. gxf3 Qf2+ 35. Kh1 Qxf3+ 36. Kh2 Qf2+ 37. Kh1 Qxb2 38. Qa8+ Kf7 39. Qc8 Ke7 40. c5 Qc1+ 41. Kg2 Qd2+ 42. Kg3 Qd7 43. Qg8 Kf6 44. Qf8+ Ke6 45. a4 Kd5 46. h4 h5 47. Kf2 Kc4 48. Ke3 Qd4+ 49. Ke2 Qe5+ 50. Kd2 Qxc5 51. Qc8 Qf2+ 52. Kd1 0-1

[Event "Abu Dhabi (14eme open)"]
[Site "?"]
[Date "2005.08.15"]
[Round "2"]
[White "Bocharov Dmitry"]
[Black "Mahjoob Morteza"]
[Result "1-0"]
[WhiteElo "2574"]
[BlackElo "2442"]
[PlyCount "119"]
[EventDate "2005.??.??"]
[Source "www.chesslib.no"]
[SourceDate "2004.05.04"]

1. d4 Nf6 2. c4 e6 3. Nc3 Bb4 4. Qc2 Nc6 5. Nf3 d6 6. Bg5 h6 7. Bd2 a5 8. a3 Bxc3 9. Bxc3 Qe7 10. e4 a4 11. Bd3 e5 12. d5 Nb8 13. c5 O-O 14. cxd6 cxd6 15. Nd2 Nfd7 16. Nc4 Na6 17. O-O Nac5 18. Be2 Nf6 19. Nb6 Ra7 20. f3 Qd8 21. Nxc8 Qxc8 22. Rad1 Qc7 23. Bb4 Rc8 24. Rc1 Qb6 25. Kh1 Raa8 26. Qc4 Rc7 27. Qb5 Qa7 28. Rc3 Rac8 29. Ba5 Re7 30. Bb6 Qa6 31. Qxa6 bxa6 32. Bxc5 Rxc5 33. Rxc5 dxc5 34. Bxa6 Ne8 35. Rc1 Ra7 36. Bf1 Ra5 37. Kg1 Kf8 38. Kf2 Ke7 39. Ke3 Kd6 40. Bd3 Nc7 41. f4 f5 42. fxe5+ Kxe5 43. exf5 Nxd5+ 44. Kf3 Nb6 45. Re1+ Kd4 46. Bf1 c4 47. Re4+ Kd5 48. Kf4 Ra7 49. Be2 Rc7 50. Bf3 Kc5 51. Re6 c3 52. bxc3 Nc4 53. Ra6 Kb5 54. Ra8 Nxa3 55. Be2+ Kb6 56. Ra6+ Kb7 57. Rxa4 Rxc3 58. g4 Nc2 59. Re4 Kb6 60. Bd1 1-0

[Event "Corr"]
[Site "?"]
[Date "1998.??.??"]
[Round "?"]
[White "Menetrier Manuel"]
[Black "Hansen Mads Smith"]
[Result "1/2-1/2"]
[WhiteElo "2505"]
[BlackElo "2510"]
[PlyCount "139"]
[EventDate "1998.??.??"]
[Source "www.chesslib.no"]
[SourceDate "2004.05.04"]

1. d4 Nf6 2. c4 e6 3. Nc3 Bb4 4. Qc2 Nc6 5. Nf3 d6 6. Bg5 h6 7. Bd2 O-O 8. a3 Bxc3 9. Bxc3 Qe7 10. e3 a5 11. b3 e5 12. d5 Nb8 13. Be2 Bg4 14. O-O Nbd7 15. Nh4 Bxe2 16. Nf5 Qd8 17. Qxe2 g6 18. Ng3 h5 19. b4 h4 20. Nh1 a4 21. f3 b5 22. e4 c6 23. dxc6 Qb6+ 24. Qf2 Qxc6 25. Rac1 h3 26. cxb5 Qxb5 27. g3 d5 28. exd5 Nxd5 29. Qd2 Rac8 30. Nf2 Kg7 31. Ba1 f6 32. Nxh3 N7b6 33. Rfd1 Rxc1 34. Rxc1 Nc4 35. Qd3 Nde3 36. Nf2 Rf7 37. Qe2 Rd7 38. Ne4 f5 39. Nc3 Qb6 40. Nb1 Kf8 41. Qf2 Qd8 42. Qe2 Qb6 43. Qf2 Qd8 44. Qe2 Rd3 45. Bc3 Qd5 46. b5 Ke8 47. b6 e4 48. fxe4 fxe4 49. Bb4 Nxb6 50. Nc3 Qf5 51. Nd1 Qg4 52. Qxg4 Nxg4 53. Nc3 e3 54. Rf1 Rd2 55. Rf4 Nxh2 56. Bc5 Nc4 57. Bxe3 Nf3+ 58. Rxf3 Rd3 59. Nxa4 Rxa3 60. Rf6 Rxe3 61. Rxg6 Ne5 62. Rg5 Nf3+ 63. Kf2 Nxg5 64. Kxe3 Kf7 65. Nc5 Kg6 66. Nd3 Kf5 67. Nf2 Nf7 68. Kf3 Ng5+ 69. Kg2 Ke5 70. Ng4+ 1/2-1/2

[Event "RUS-ch KO"]
[Site "Moscow"]
[Date "1999.12.16"]
[Round "1.2"]
[White "Lunev, Andrey"]
[Black "Voitsekhovsky, Stanislav"]
[Result "1-0"]
[WhiteElo "2467"]
[BlackElo "2544"]
[PlyCount "118"]
[EventDate "1999.12.04"]
[Source "ChessBase"]
[SourceDate "2000.04.05"]

1. d4 Nf6 2. c4 e6 3. Nc3 Bb4 4. Qc2 Nc6 5. Nf3 d6 6. a3 Bxc3+ 7. Qxc3 O-O 8. b4 e5 9. dxe5 dxe5 10. Nxe5 Nxe5 11. Qxe5 Re8 12. Qb2 Ng4 13. Bf4 g5 14. Rd1 Qe7 15. Bc1 Bf5 16. e3 Rad8 17. Rxd8 Rxd8 18. Be2 Ne5 19. O-O Bd3 20. Bxd3 Rxd3 21. Qc2 Qe6 22. c5 Qc4 23. Qb2 Rd5 24. Qb1 Qe2 25. Bb2 Nc4 26. Bd4 Nd2 27. Re1 Nxb1 28. Rxe2 Nxa3 29. g4 f5 30. gxf5 Rxf5 31. e4 Rf8 32. Ra2 Nb5 33. Be3 Re8 34. f3 Kf7 35. Bxg5 Rg8 36. Rg2 Nd4 37. Kf2 Ne6 38. Bd2 Rd8 39. Ke2 Nd4+ 40. Ke3 Nc2+ 41. Ke2 Nd4+ 42. Kf2 Nc2 43. Bh6 Rd3 44. Rg7+ Kf6 45. Rxc7 Kg6 46. Bg7 Nxb4 47. Rxb7 a5 48. f4 Ra3 49. Ke2 Ra2+ 50. Ke3 Rxh2 51. Be5 Rh3+ 52. Kd4 Rd3+ 53. Kc4 Re3 54. Rg7+ Kh5 55. Rxh7+ Kg4 56. Kb5 Rxe4 57. c6 Re2 58. c7 Rc2 59. Rh8 Nc6 1-0

[Event "Belgium"]
[Site "?"]
[Date "2003.01.12"]
[Round "6"]
[White "Kishnev Sergey"]
[Black "Winants Luc"]
[Result "1/2-1/2"]
[WhiteElo "2501"]
[BlackElo "2504"]
[PlyCount "43"]
[EventDate "2003.??.??"]
[Source "www.chesslib.no"]
[SourceDate "2004.05.04"]

1. d4 Nf6 2. c4 e6 3. Nc3 Bb4 4. Qc2 Nc6 5. Nf3 d6 6. a3 Bxc3+ 7. Qxc3 a5 8. b3 O-O 9. Bb2 Re8 10. Rd1 Qe7 11. g3 e5 12. d5 Nb8 13. Bg2 c6 14. dxc6 Nxc6 15. O-O h6 16. Qc2 Qc7 17. Nh4 Ne7 18. h3 Be6 19. Qd2 Red8 20. Qe3 Nd7 21. f4 f6 22. a4 1/2-1/2

[Event "JUG-ch Podgorica"]
[Site "Podgorica"]
[Date "1996.??.??"]
[Round "11"]
[White "Mozetic, Dejan"]
[Black "Ivanovic, Bozidar"]
[Result "0-1"]
[WhiteElo "2495"]
[BlackElo "2500"]
[PlyCount "74"]
[EventDate "1996.02.??"]
[Source "ChessBase"]

1. d4 Nf6 2. c4 e6 3. Nc3 Bb4 4. Qc2 Nc6 5. Nf3 d6 6. Bg5 h6 7. Bd2 e5 8. a3 Bxc3 9. Bxc3 Qe7 10. e3 Bg4 11. d5 Nb8 12. Nd2 Nbd7 13. b4 e4 14. h3 Bf5 15. g4 Bg6 16. Qb2 c6 17. dxc6 bxc6 18. Be2 a5 19. Nb3 axb4 20. axb4 Rxa1+ 21. Qxa1 O-O 22. Na5 Ra8 23. Qb2 Rc8 24. Bd1 Qe6 25. Bb3 h5 26. g5 Ne8 27. c5 Qe7 28. cxd6 Qxd6 29. Qd2 Qe7 30. Ke2 h4 31. Rc1 Bh5+ 32. Kf1 Ne5 33. Bxe5 Qxe5 34. Bd1 Bxd1 35. Qxd1 Qxg5 36. Qd7 Rd8 37. Qxc6 Qf5 0-1

[Event "KNSB TCh-NED 2007-8"]
[Site "Netherlands NED"]
[Date "2008.03.08"]
[Round "7"]
[White "De Jong, JW."]
[Black "Winants, L."]
[Result "1/2-1/2"]
[WhiteElo "2458"]
[BlackElo "2525"]
[PlyCount "33"]
[EventDate "2008.02.09"]
[Source "www.chesslib.no"]
[SourceDate "2004.05.04"]

1. d4 Nf6 2. c4 e6 3. Nc3 Bb4 4. Qc2 Nc6 5. Nf3 d6 6. Bg5 h6 7. Bd2 O-O 8. a3 Bxc3 9. Bxc3 Re8 10. Rd1 Qe7 11. e3 e5 12. d5 Nb8 13. Nd2 Rf8 14. Bd3 Nbd7 15. b4 c6 16. dxc6 bxc6 17. O-O 1/2-1/2

[Event "JUG-chT"]
[Site "Vrnjacka Banja"]
[Date "1999.??.??"]
[Round "2"]
[White "Drasko, Milan"]
[Black "Vukovic, Zdravko"]
[Result "1/2-1/2"]
[WhiteElo "2509"]
[BlackElo "2470"]
[PlyCount "25"]
[EventDate "1999.08.??"]
[Source "www.chesslib.no"]
[SourceDate "2004.05.04"]

1. d4 Nf6 2. c4 e6 3. Nc3 Bb4 4. Qc2 Nc6 5. Nf3 d6 6. Bd2 e5 7. d5 Bxc3 8. Bxc3 Ne7 9. Nd2 O-O 10. e3 a5 11. Bd3 Ng6 12. O-O Nh5 13. Be2 1/2-1/2

[Event "Romania 87/449"]
[Site "?"]
[Date "2003.??.??"]
[Round "?"]
[White "Foisor, O."]
[Black "Iordachescu, V."]
[Result "0-1"]
[WhiteElo "2426"]
[BlackElo "2550"]
[PlyCount "60"]
[EventDate "2003.??.??"]
[Source "Chess Informant"]
[SourceDate "2003.02.01"]

1. d4 Nf6 2. c4 e6 3. Nc3 Bb4 4. Qc2 Nc6 5. Nf3 d6 6. Bd2 O-O 7. a3 Bxc3 8. Bxc3 Qe7 9. g3 a5 10. Bg2 e5 11. d5 Nb8 12. O-O Nbd7 13. Nd2 h5 14. b4 h4 15. Rfc1 hxg3 16. hxg3 Ng4 17. e4 Qg5 18. Nf1 f5 19. exf5 Rxf5 20. Bd2 Qh5 21. f3 Ndf6 22. c5 Bd7 23. cxd6 cxd6 24. Qc7 Bb5 25. Qxb7 Bxf1 26. Qxa8+ Kh7 27. Kxf1 Nh2+ 28. Ke2 Rxf3 29. Rh1 Rxa3+ 30. Kf2 Qf5+ 0-1

[Event "NED-ch"]
[Site "Leeuwarden"]
[Date "1980.??.??"]
[Round "4"]
[White "Ree, Hans"]
[Black "Ligterink, Gert"]
[Result "1-0"]
[WhiteElo "2520"]
[BlackElo "2455"]
[PlyCount "125"]
[EventDate "1980.??.??"]
[Source "ChessBase"]

1. d4 Nf6 2. c4 e6 3. Nc3 Bb4 4. Qc2 Nc6 5. Nf3 d6 6. Bd2 Qe7 7. a3 Bxc3 8. Bxc3 O-O 9. e3 e5 10. dxe5 Nxe5 11. Nxe5 dxe5 12. Be2 a5 13. b3 b6 14. O-O Bb7 15. Rfd1 Ne4 16. Bb2 Nc5 17. b4 axb4 18. axb4 Rxa1 19. Bxa1 Na6 20. Qb2 Nxb4 21. Qxe5 Qxe5 22. Bxe5 Na6 23. f3 Re8 24. Kf2 f6 25. Bg3 Re7 26. h4 Nc5 27. Bh2 h5 28. Rd8+ Kh7 29. e4 g6 30. Rb8 Kg7 31. Bf4 Bc6 32. Be3 Ne6 33. g3 Kf7 34. Bf1 Kg7 35. Bh3 Kf7 36. Bh6 Re8 37. Rxe8 Bxe8 38. Bd2 Ba4 39. Ke3 Bc2 40. Bb4 Bb3 41. Bf1 Bc2 42. Be2 Bb3 43. Bc3 Bc2 44. Bb2 Nc5 45. Bc3 Ne6 46. Ba1 Nc5 47. Bb2 Ne6 48. g4 Ng7 49. Bd4 Bb3 50. Kd2 Ba4 51. Bf2 Ke6 52. Bg3 c6 53. Bf4 Kf7 54. Be3 b5 55. Kc3 Ke7 56. Bh6 Kf7 57. Bxg7 Kxg7 58. gxh5 gxh5 59. Kb4 Bc2 60. cxb5 cxb5 61. Kxb5 Bb1 62. Kc5 Bc2 63. Kd4 1-0

[Event "Alushta3"]
[Site "Alushta"]
[Date "1999.??.??"]
[Round "?"]
[White "Savon, Vladimir A"]
[Black "Kuzmin, Gennadi P"]
[Result "1/2-1/2"]
[WhiteElo "2427"]
[BlackElo "2546"]
[PlyCount "29"]
[EventDate "1999.??.??"]
[Source "www.chesslib.no"]
[SourceDate "2004.05.04"]

1. d4 Nf6 2. c4 e6 3. Nc3 Bb4 4. Qc2 Nc6 5. Nf3 d6 6. a3 Bxc3+ 7. Qxc3 O-O 8. b4 e5 9. dxe5 Ne4 10. Qe3 f5 11. Bb2 Be6 12. Rc1 Qe7 13. exd6 Qxd6 14. g3 Rae8 15. Qf4 1/2-1/2

[Event "Hoogovens-B"]
[Site "Wijk aan Zee"]
[Date "1971.??.??"]
[Round "?"]
[White "Forintos, Gyozo V"]
[Black "Hecht, Hans Joachim"]
[Result "1/2-1/2"]
[WhiteElo "2500"]
[BlackElo "2470"]
[PlyCount "83"]
[EventDate "1971.01.??"]
[Source "ChessBase"]

1. d4 Nf6 2. c4 e6 3. Nc3 Bb4 4. Qc2 Nc6 5. Nf3 d6 6. Bd2 Qe7 7. e3 O-O 8. Bd3 Bxc3 9. Bxc3 e5 10. d5 Nb8 11. b4 c6 12. Rd1 cxd5 13. cxd5 Nbd7 14. e4 Nh5 15. g3 Nb6 16. Qe2 g6 17. Nh4 Bh3 18. Rc1 Rac8 19. Kd2 Qg5+ 20. Qe3 Nc4+ 21. Bxc4 Qxe3+ 22. Kxe3 Rxc4 23. Bd2 Rfc8 24. Rxc4 Rxc4 25. Rc1 Rxc1 26. Bxc1 Nf6 27. Nf3 Bf1 28. Nd2 Ng4+ 29. Kf3 Nxh2+ 30. Ke3 Bb5 31. f3 Nf1+ 32. Nxf1 Bxf1 33. a4 b5 34. Kf2 Bc4 35. a5 a6 36. Be3 Kf8 37. Bg5 f5 38. Ke3 Kf7 39. Kd2 Ba2 40. Kd3 Bb1+ 41. Ke3 Bc2 42. Bh6 1/2-1/2

[Event "EUCup final"]
[Site "Budapest"]
[Date "1996.??.??"]
[Round "1"]
[White "Ruzele, Darius"]
[Black "Ostojic, Nikola"]
[Result "1/2-1/2"]
[WhiteElo "2520"]
[BlackElo "2450"]
[PlyCount "68"]
[EventDate "1996.11.27"]
[Source "ChessBase"]

1. d4 Nf6 2. c4 e6 3. Nc3 Bb4 4. Qc2 Nc6 5. Nf3 d6 6. Bd2 O-O 7. a3 Bxc3 8. Bxc3 Qe7 9. e3 a5 10. Be2 a4 11. O-O e5 12. d5 Nb8 13. Nd2 Nbd7 14. Rae1 e4 15. Bd1 c6 16. dxc6 bxc6 17. f3 Re8 18. fxe4 c5 19. Rf4 Bb7 20. Ref1 Rf8 21. R1f2 Bc6 22. Be2 Ra7 23. Qd1 Nxe4 24. Nxe4 Bxe4 25. Bd3 Bxd3 26. Qxd3 Ne5 27. Qd5 Ng6 28. R4f3 Ne5 29. Rf5 Ng6 30. Qd3 Ra6 31. Rd5 Rb8 32. e4 f6 33. Qg3 Ne5 34. Bxe5 fxe5 1/2-1/2

[Event "It (Open) Moscow RUS"]
[Site "?"]
[Date "2006.02.08"]
[Round "2"]
[White "Arlandi Ennio"]
[Black "Rashkovsky Nukhim N"]
[Result "1/2-1/2"]
[WhiteElo "2453"]
[BlackElo "2512"]
[PlyCount "39"]
[EventDate "2006.??.??"]
[Source "www.chesslib.no"]
[SourceDate "2004.05.04"]

1. d4 Nf6 2. c4 e6 3. Nc3 Bb4 4. Qc2 Nc6 5. Nf3 d6 6. Bd2 e5 7. d5 Bxc3 8. Bxc3 Nb8 9. g3 O-O 10. Bg2 a5 11. O-O Nbd7 12. e4 Nc5 13. Nd2 c6 14. b3 cxd5 15. exd5 g6 16. h3 Bf5 17. Qd1 Bd3 18. Re1 b5 19. cxb5 Bxb5 20. Ne4 1/2-1/2

[Event "Alma-Ata"]
[Site "Alma Ata KAZ"]
[Date "1989.??.??"]
[Round "2"]
[White "Douven, Rudy C"]
[Black "Rashkovsky, Nukhim N"]
[Result "0-1"]
[WhiteElo "2445"]
[BlackElo "2520"]
[PlyCount "108"]
[EventDate "1989.06.??"]
[Source "www.chesslib.no"]
[SourceDate "2004.05.04"]

1. d4 Nf6 2. c4 e6 3. Nc3 Bb4 4. Qc2 Nc6 5. Nf3 d6 6. a3 Bxc3+ 7. Qxc3 a5 8. b3 O-O 9. e3 Qe7 10. Bb2 Re8 11. Be2 e5 12. d5 Nb8 13. O-O Bg4 14. Rae1 c6 15. dxc6 Nxc6 16. Qc2 Rac8 17. e4 Nd7 18. h3 Be6 19. Qd1 Nc5 20. Bd3 a4 21. b4 Nxd3 22. Qxd3 Nd4 23. Nd2 Nb3 24. Re3 Nxd2 25. Qxd2 Bxc4 26. Rc1 b5 27. Rg3 f6 28. Rcc3 Rcd8 29. Bc1 d5 30. exd5 Kh8 31. Qd1 Rxd5 32. Qh5 Red8 33. Be3 Rd1+ 34. Kh2 Rb1 35. Bc1 Rb3 36. Qf5 Qd7 37. Qf3 Qf7 38. Qe3 Qd5 39. Qb6 Qd6 40. Qb7 Qd7 41. Qb6 Qe7 42. Rcf3 Rxf3 43. Rxf3 Qd6 44. Qa7 h6 45. Rg3 Qd7 46. Qb6 Kh7 47. Be3 Qd5 48. Qc7 Rd7 49. Qb8 Qf7 50. Qb6 Rd3 51. Bc5 Rb3 52. Qd6 Bd5 53. Re3 Qb7 54. f3 Rb2 0-1

[Event "Paris FRA"]
[Site "?"]
[Date "2005.07.??"]
[Round "9.11"]
[White "Drasko Milan"]
[Black "Abergel Thal"]
[Result "1-0"]
[WhiteElo "2516"]
[BlackElo "2446"]
[PlyCount "71"]
[EventDate "2005.??.??"]
[Source "www.chesslib.no"]
[SourceDate "2004.05.04"]

1. d4 Nf6 2. c4 e6 3. Nc3 Bb4 4. Qc2 Nc6 5. Nf3 d6 6. Bd2 e5 7. d5 Bxc3 8. Bxc3 Ne7 9. Nd2 O-O 10. e3 c6 11. dxc6 Nxc6 12. Bd3 Be6 13. O-O Rc8 14. Rfd1 Qb6 15. a3 Bg4 16. Rdc1 Kh8 17. b4 a5 18. c5 Qd8 19. b5 Na7 20. cxd6 Be6 21. Qb2 Qxd6 22. Bf1 Nd7 23. Bxa5 Rxc1 24. Rxc1 Rc8 25. Bb4 Qb8 26. Ne4 f6 27. a4 b6 28. Nd6 Rc7 29. Rxc7 Qxc7 30. Qc3 Qxc3 31. Bxc3 Kg8 32. a5 Bd5 33. e4 Bb3 34. axb6 Nxb6 35. Ba5 Nd7 36. Bd2 1-0

[Event "DSV-Turnier"]
[Site "Leipzig"]
[Date "1975.??.??"]
[Round "11"]
[White "Gerusel, Mathias"]
[Black "Malich, Burkhard"]
[Result "0-1"]
[WhiteElo "2440"]
[BlackElo "2520"]
[PlyCount "76"]
[EventDate "1975.11.22"]
[Source "ChessBase"]

1. d4 Nf6 2. c4 e6 3. Nc3 Bb4 4. Qc2 Nc6 5. Nf3 d6 6. Bd2 O-O 7. a3 Bxc3 8. Bxc3 Qe7 9. e3 e5 10. dxe5 dxe5 11. b4 e4 12. b5 exf3 13. bxc6 Ne4 14. gxf3 Nxc3 15. Qxc3 bxc6 16. h4 Rb8 17. Bd3 Qc5 18. h5 h6 19. Ke2 Bf5 20. Bxf5 Qxf5 21. Rag1 f6 22. e4 Qc5 23. Rg6 Rf7 24. f4 Rd8 25. f3 Rd4 26. Qb4 Qxb4 27. axb4 Rxc4 28. Ra1 Rxb4 29. Rxa7 Rb2+ 30. Ke3 Rd7 31. f5 c5 32. Rg1 c4 33. Rc1 Rd3+ 34. Kf4 Rf2 35. Rxc4 Rfxf3+ 36. Kg4 Rg3+ 37. Kh4 Rg5 38. Rcxc7 Rdg3 0-1

[Event "Bucharest ROM"]
[Site "?"]
[Date "2006.05.05"]
[Round "1"]
[White "Kruppa Yuri"]
[Black "Pilgaard Kim"]
[Result "0-1"]
[WhiteElo "2538"]
[BlackElo "2417"]
[PlyCount "98"]
[EventDate "2006.??.??"]
[Source "www.chesslib.no"]
[SourceDate "2004.05.04"]

1. d4 Nf6 2. c4 e6 3. Nc3 Bb4 4. Qc2 Nc6 5. Nf3 d6 6. Bg5 h6 7. Bd2 O-O 8. a3 Bxc3 9. Bxc3 Qe7 10. e3 e5 11. d5 Nd8 12. Nd2 Ne8 13. O-O-O c6 14. Kb1 Nc7 15. f4 Bg4 16. Nf3 e4 17. h3 Bd7 18. Ne5 Bf5 19. g4 Bh7 20. dxc6 bxc6 21. Bb4 Ne8 22. Qa4 a5 23. Rh2 f6 24. Nxc6 Qd7 25. c5 Qxc6 26. Bb5 Qb7 27. Bc4+ Nf7 28. Bd5 axb4 29. Qxa8 Qxa8 30. Bxa8 dxc5 31. Rd7 f5 32. Bd5 Bg6 33. g5 hxg5 34. fxg5 Kh7 35. h4 Bh5 36. Bxf7 Rxf7 37. Rxf7 Bxf7 38. h5 Bc4 39. Kc1 b3 40. Kd2 Nc7 41. a4 Nd5 42. h6 f4 43. Rh4 fxe3+ 44. Ke1 Bd3 45. g6+ Kh8 46. h7 Nb4 47. Rh2 Nc2+ 48. Kd1 Nd4 49. a5 e2+ 0-1

[Event "Montauban"]
[Site "Montauban"]
[Date "2000.06.28"]
[Round "7"]
[White "Lazarev, Vladimir"]
[Black "Bricard, Emmanuel"]
[Result "1-0"]
[WhiteElo "2493"]
[BlackElo "2461"]
[PlyCount "67"]
[EventDate "2000.06.23"]
[Source "ChessBase"]
[SourceDate "2000.07.11"]

1. d4 Nf6 2. c4 e6 3. Nc3 Bb4 4. Qc2 Nc6 5. Nf3 d6 6. Bd2 e5 7. dxe5 dxe5 8. O-O-O Bxc3 9. Bxc3 Qe7 10. e3 Bg4 11. Be2 Nd7 12. h3 Be6 13. g4 O-O-O 14. a3 f6 15. b4 Qf7 16. Nd2 Kb8 17. Kb1 Ne7 18. Bb2 Nb6 19. c5 Nd7 20. Nc4 Bd5 21. f3 h5 22. Rc1 hxg4 23. hxg4 Rxh1 24. Rxh1 Nf8 25. b5 Qe8 26. a4 Bf7 27. Ka1 Ne6 28. Ba3 Ng5 29. c6 b6 30. a5 Nc8 31. axb6 Nxb6 32. Nxb6 axb6 33. Bb4 Qe6 34. Qa4 1-0

[Event "II North Urals Cup"]
[Site "Krasnoturinsk"]
[Date "2004.07.27"]
[Round "4"]
[White "Matveeva, Svetlana"]
[Black "Kovalevskaya, Ekaterina"]
[Result "0-1"]
[WhiteElo "2482"]
[BlackElo "2470"]
[PlyCount "152"]
[EventDate "2004.07.24"]
[Source "Roberto Alvarez"]
[SourceDate "2004.08.10"]

1. d4 Nf6 2. c4 e6 3. Nc3 Bb4 4. Qc2 Nc6 5. Nf3 d6 6. Bd2 O-O 7. a3 Bxc3 8. Bxc3 Re8 9. Rd1 Qe7 10. e3 e5 11. d5 Nb8 12. h3 Nbd7 13. Be2 Nf8 14. g4 a5 15. b3 N6d7 16. h4 Nc5 17. Nd2 Bd7 18. Ne4 Nxe4 19. Qxe4 c6 20. Kd2 Qd8 21. Kc2 cxd5 22. cxd5 Qb6 23. a4 Qc5 24. Kb2 b5 25. b4 Qc8 26. bxa5 f5 27. Qc2 bxa4 28. Bb4 a3+ 29. Bxa3 Qxc2+ 30. Kxc2 Ba4+ 31. Kd2 Bxd1 32. Rxd1 Rxa5 33. Bxd6 Rxd5+ 34. Ke1 Rxd1+ 35. Bxd1 fxg4 36. Bxg4 e4 37. Kf1 Ng6 38. h5 Ne5 39. Bf5 Nf3 40. Bg3 h6 41. Kg2 Ng5 42. Bg6 Re6 43. Bf4 Nh7 44. Bf5 Re8 45. Bg6 Re7 46. Kh3 Nf6 47. Bg3 Ra7 48. Kh4 Ra5 49. Bf4 Rd5 50. Bh2 Kf8 51. Bf4 Ke7 52. Bh2 Ke6 53. Bf4 Rd1 54. Kh3 Rh1+ 55. Kg2 Rxh5 56. Bxh5 Nxh5 57. Bc7 Nf6 58. Bh2 Ng4 59. Bb8 Kf5 60. Ba7 Ne5 61. Bb8 Nf3 62. Kg3 g5 63. Bc7 h5 64. Bd6 h4+ 65. Kg2 g4 66. Bb8 Ke6 67. Bf4 Kd5 68. Kf1 Kc4 69. Ke2 Kc3 70. Bd6 Kc2 71. Bc7 h3 72. Kf1 Kd1 73. Bd6 Nd2+ 74. Kg1 Ke2 75. Bg3 Nf3+ 76. Kh1 Kf1 0-1

[Event "JUG-chT"]
[Site "Niksic"]
[Date "1996.??.??"]
[Round "?"]
[White "Drasko, Milan"]
[Black "Ostojic, Nikola"]
[Result "1-0"]
[WhiteElo "2500"]
[BlackElo "2450"]
[PlyCount "80"]
[EventDate "1996.??.??"]
[Source "www.chesslib.no"]
[SourceDate "2004.05.04"]

1. d4 Nf6 2. c4 e6 3. Nc3 Bb4 4. Qc2 Nc6 5. Nf3 d6 6. Bd2 O-O 7. a3 Bxc3 8. Bxc3 Qe7 9. e3 a5 10. b3 e5 11. d5 Nb8 12. h3 Bd7 13. Rd1 Rc8 14. Be2 b6 15. O-O c6 16. e4 cxd5 17. exd5 Nh5 18. Bd3 h6 19. Rfe1 Nf4 20. Bf1 Qf6 21. Qe4 Qf5 22. Nd2 Qg5 23. Kh2 Na6 24. Qe3 Nc5 25. b4 axb4 26. axb4 Na4 27. Ne4 Qg6 28. Nxd6 Qxd6 29. Bxe5 Qxb4 30. Qxf4 f6 31. Bd6 Qb3 32. Rb1 Qc2 33. Rbc1 Qg6 34. Re3 Qg5 35. Qd4 Nc5 36. Rce1 Re8 37. Rxe8+ Bxe8 38. Bxc5 bxc5 39. Qxc5 Bg6 40. Qe3 Qf5 1-0

[Event "Ostrava CZE, Open 2005"]
[Site "?"]
[Date "2005.05.04"]
[Round "5"]
[White "Likavsky Tomas"]
[Black "Cvek Robert"]
[Result "1/2-1/2"]
[WhiteElo "2459"]
[BlackElo "2490"]
[PlyCount "26"]
[EventDate "2005.??.??"]
[Source "www.chesslib.no"]
[SourceDate "2004.05.04"]

1. d4 Nf6 2. c4 e6 3. Nc3 Bb4 4. Qc2 Nc6 5. Nf3 d6 6. Bd2 O-O 7. a3 Bxc3 8. Bxc3 Re8 9. e3 e5 10. d5 Ne7 11. e4 a5 12. b3 c6 13. Nd2 Bd7 1/2-1/2

[Event "It (Open) Moscow RUS"]
[Site "?"]
[Date "2006.02.12"]
[Round "6"]
[White "Sumets Andrey"]
[Black "Zagrebelny Sergey"]
[Result "1/2-1/2"]
[WhiteElo "2461"]
[BlackElo "2485"]
[PlyCount "41"]
[EventDate "2006.??.??"]
[Source "www.chesslib.no"]
[SourceDate "2004.05.04"]

1. d4 Nf6 2. c4 e6 3. Nc3 Bb4 4. Qc2 Nc6 5. Nf3 d6 6. e3 e5 7. dxe5 dxe5 8. Be2 Bg4 9. O-O Bxc3 10. Qxc3 e4 11. Nd4 Bxe2 12. Nxe2 Qd6 13. b3 O-O-O 14. Bb2 Rhe8 15. Ng3 Qe6 16. Rfd1 h5 17. h3 h4 18. Ne2 Qf5 19. Qe1 g5 20. Rxd8+ Rxd8 21. Rd1 1/2-1/2

[Event "Daugavpils"]
[Site "Daugavpils"]
[Date "1990.??.??"]
[Round "?"]
[White "Bagirov, Vladimir"]
[Black "Unzicker, Wolfgang"]
[Result "1/2-1/2"]
[WhiteElo "2470"]
[BlackElo "2475"]
[PlyCount "35"]
[EventDate "1990.02.??"]
[Source "ChessBase"]

1. d4 Nf6 2. c4 e6 3. Nc3 Bb4 4. Qc2 Nc6 5. Nf3 d6 6. Bg5 h6 7. Bd2 e5 8. d5 Bxc3 9. Bxc3 Ne7 10. e4 Nh5 11. Nd2 f5 12. O-O-O O-O 13. c5 fxe4 14. Nxe4 Bf5 15. f3 Nf6 16. Nxf6+ Rxf6 17. Qb3 b6 18. c6 1/2-1/2

[Event "IBM-B"]
[Site "Amsterdam"]
[Date "1972.??.??"]
[Round "10"]
[White "Marovic, Drazen"]
[Black "Hecht, Hans Joachim"]
[Result "1/2-1/2"]
[WhiteElo "2475"]
[BlackElo "2470"]
[PlyCount "30"]
[EventDate "1972.??.??"]
[Source "ChessBase"]

1. d4 e6 2. c4 Nf6 3. Nc3 Bb4 4. Qc2 Nc6 5. Nf3 d6 6. Bd2 Qe7 7. a3 Bxc3 8. Bxc3 a5 9. e3 O-O 10. Be2 e5 11. O-O Bg4 12. b4 exd4 13. Nxd4 Nxd4 14. Bxd4 Bxe2 15. Qxe2 Rfe8 1/2-1/2

[Event "49. TCh-ESP Honor Final"]
[Site "?"]
[Date "2005.09.11"]
[Round "2"]
[White "Herraiz Hidalgo Herminio"]
[Black "Del Rio Angelis Salvador G"]
[Result "1/2-1/2"]
[WhiteElo "2471"]
[BlackElo "2470"]
[PlyCount "57"]
[EventDate "2005.??.??"]
[Source "www.chesslib.no"]
[SourceDate "2004.05.04"]

1. d4 Nf6 2. c4 e6 3. Nc3 Bb4 4. Qc2 Nc6 5. Nf3 d6 6. Bg5 h6 7. Bd2 Qe7 8. d5 exd5 9. Nxd5 Nxd5 10. cxd5 Bxd2+ 11. Qxd2 Ne5 12. Nd4 O-O 13. g3 c5 14. dxc6 bxc6 15. Bg2 Rb8 16. b3 c5 17. Nc2 Bh3 18. O-O Bxg2 19. Kxg2 Ng4 20. f3 Nf6 21. e4 Rbd8 22. Ne3 Rfe8 23. Rad1 Qb7 24. Rfe1 Re6 25. Nf5 d5 26. Qc3 Qc8 27. e5 d4 28. Nxd4 cxd4 29. Qxc8 1/2-1/2